Timeline of G7 Leaders - Statistics

General Stats
  • This quiz has been taken 79 times
  • The average score is 41 of 104
Answers on the Map
Answers color-coded by a green-red scale on the quiz's map according to % correct below.
 
Answer Stats
Answer % Correct
Donald Trump
100%
Barack Obama
98%
George H. W. Bush
98%
George W. Bush
98%
Joe Biden
98%
Vladimir Putin
97%
Bill Clinton
95%
Emmanuel Macron
95%
Ronald Reagan
95%
Angela Merkel
92%
Justin Trudeau
91%
Pierre Trudeau
91%
Boris Johnson
89%
Jimmy Carter
88%
Margaret Thatcher
86%
Olaf Scholz
81%
Rishi Sunak
81%
Theresa May
81%
Gerald Ford
78%
Keir Starmer
78%
Tony Blair
78%
David Cameron
77%
Liz Truss
77%
François Hollande
75%
Giorgia Meloni
73%
Shinzo Abe
72%
Gordon Brown
70%
Ursula von der Leyen
69%
Silvio Berlusconi
66%
Nicolas Sarkozy
66%
Boris Yeltsin
64%
Jacques Chirac
64%
Friedrich Merz
63%
Helmut Kohl
63%
John Major
63%
François Mitterrand
61%
Dmitry Medvedev
59%
Gerhard Schröder
59%
Mark Carney
45%
Harold Wilson
44%
Mario Draghi
44%
Stephen Harper
42%
James Callaghan
41%
Giuseppe Conte
38%
Matteo Renzi
36%
Helmut Schmidt
34%
Fumio Kishida
31%
Yoshihide Suga
31%
Jean Chrétien
30%
Valéry Giscard d'Estaing
28%
Donald Tusk
27%
Jean-Claude Juncker
25%
Kim Campbell
25%
Paul Martin
25%
Brian Mulroney
23%
Charles Michel
22%
Joe Clark
22%
António Costa
20%
John Turner
19%
Romano Prodi
19%
Shigeru Ishiba
19%
José Manuel Barroso
16%
Mario Monti
16%
Paolo Gentiloni
16%
Enrico Letta
14%
Herman Van Rompuy
14%
Bettino Craxi
13%
Jacques Delors
13%
Junichiro Koizumi
13%
Aldo Moro
11%
Naoto Kan
11%
Francesco Cossiga
9%
Giuliano Amato
9%
Lamberto Dini
9%
Massimo D'Alema
9%
Ryutaro Hashimoto
9%
Tarō Asō
9%
Yasuhiro Nakasone
9%
Yoshihiko Noda
9%
Carlo Azeglio Ciampi
8%
Giovanni Spadolini
8%
Giulio Andreotti
8%
Takeo Fukuda
8%
Tomiichi Murayama
8%
Yasuo Fukuda
8%
Yoshirō Mori
8%
Ciriaco De Mita
6%
Jacques Santer
6%
Keizō Obuchi
6%
Manuel Marín
6%
Morihiro Hosokawa
6%
Noboru Takeshita
6%
Amintore Fanfani
5%
Arnaldo Forlani
5%
Gaston Thorn
5%
Giovanni Goria
5%
Kiichi Miyazawa
5%
Masayoshi Ōhira
5%
Sōsuke Uno
5%
Takeo Miki
5%
Toshiki Kaifu
5%
Tsutomu Hata
5%
Yukio Hatoyama
5%
Zenkō Suzuki
5%
No matching quizzes found
Score Distribution
Percent of People with Each Score
Percentile by Number Answered
Your Score History
You have not taken this quiz